Fewest State Borders Blitz Quiz Stats

 Plays Quiz Updated Feb 3, 2016

Score 0/7 Timer 00:30
0 Plays Today
States % Correct
Maine
89.1%
Alaska
86.6%
Hawaii
84.8%
Washington
69.7%
Florida
66.7%
Rhode Island
37.7%
South Carolina
11%

You're not logged in!

Compare scores with friends on all Sporcle quizzes.
OR
Log In

Show Comments

Extras

Top Quizzes Today


Score Distribution

Your Account Isn't Verified!

In order to create a playlist on Sporcle, you need to verify the email address you used during registration. Go to your Sporcle Settings to finish the process.

Report this User

Report this user for behavior that violates our Community Guidelines.

Details: